<?xml version="1.0" encoding="UTF-8"?>
<collection xmlns="http://www.loc.gov/MARC21/slim">
 <record>
  <leader>00939cam a2200229 7i4500</leader>
  <controlfield tag="001">0000096381</controlfield>
  <controlfield tag="005">20140415090000.0</controlfield>
  <controlfield tag="008">110810s2007       a    v           eng   </controlfield>
  <datafield tag="090" ind1="0" ind2="0">
   <subfield code="a">HV 5801 </subfield>
   <subfield code="b">.P7 2007</subfield>
  </datafield>
  <datafield tag="245" ind1="0" ind2="0">
   <subfield code="a">Preventing drug and alcohol abuse on the waterfront : </subfield>
   <subfield code="b">every choice counts.</subfield>
  </datafield>
  <datafield tag="246" ind1="0" ind2="3">
   <subfield code="a">Prevencion de drogas y alcohol en los muelles: cada eleccion cuenta.</subfield>
  </datafield>
  <datafield tag="246" ind1="0" ind2="3">
   <subfield code="a">Evitando drogas e alcool na zona portuaria: cada escolha conta.</subfield>
  </datafield>
  <datafield tag="260" ind1="0" ind2="0">
   <subfield code="a">[s.l.]: </subfield>
   <subfield code="b">Coastal Safety + Environment, </subfield>
   <subfield code="c">2007.</subfield>
  </datafield>
  <datafield tag="300" ind1=" " ind2=" ">
   <subfield code="a">1 videodisc. (9 mins.): </subfield>
   <subfield code="b">sd.; </subfield>
   <subfield code="c">4 3/4 in..</subfield>
  </datafield>
  <datafield tag="500" ind1="0" ind2="0">
   <subfield code="a">MRT002-DVD-ESPIX00</subfield>
  </datafield>
  <datafield tag="500" ind1="0" ind2="0">
   <subfield code="a">Title on container</subfield>
  </datafield>
  <datafield tag="546" ind1="0" ind2="0">
   <subfield code="a">English, Spanish and Portuguese</subfield>
  </datafield>
  <datafield tag="590" ind1=" " ind2=" ">
   <subfield code="a">Pusat Pengajian Kejuruteraan Kelautan</subfield>
  </datafield>
  <datafield tag="650" ind1="0" ind2="0">
   <subfield code="a">Alcoholism </subfield>
  </datafield>
  <datafield tag="650" ind1="0" ind2="0">
   <subfield code="a">Drug abuse -- </subfield>
   <subfield code="x">Prevention </subfield>
  </datafield>
  <datafield tag="710" ind1="2" ind2="1">
   <subfield code="a">Coastal Training Technologies Corp. </subfield>
  </datafield>
  <datafield tag="999" ind1=" " ind2=" ">
   <subfield code="a">1100083672</subfield>
   <subfield code="b">Digital Video Disc</subfield>
   <subfield code="c">Bahan Sumber Media</subfield>
   <subfield code="e">BILIK BAHAN SUMBER MEDIA</subfield>
  </datafield>
 </record>
</collection>
